Mašiny baz dannych i upravlenije bazami dannych /

Saved in:
Bibliographic Details
Main Author: Ozkarachan, Essen (Author)
Format: Book
Language:Russian
Published: Moskva : Mir, 1989
Tags: Add Tag
No Tags, Be the first to tag this record!

MARC

LEADER 00000nam a22000003a 4500
001 stu3659
005 20150617225813.0
008 930423s1989----xxr-----------------rus-d
040 |a STU  |b slo 
041 0 |a rus 
044 |a xxr 
080 |a 681.32.016 
080 |a 519.683.5 
100 1 |a Ozkarachan, Essen  |4 aut 
245 1 |a Mašiny baz dannych i upravlenije bazami dannych /  |c [aut.] Ozkarachan,Essen 
260 |a Moskva :  |b Mir,  |c 1989 
300 |a 695 s 
996 |c I*10DS4043  |l I  |s A  |a 24  |w stu3659_0002